Things that begin with D - Statistics

General Stats
  • This quiz has been taken 293 times
    285 since last reset
  • The average score is 11 of 15
Answer Stats
Hint Answer % Correct
Ballet, tap, tango, and hip hop are all types of Dance
97%
A doctor who specialises in teeth Dentist
97%
Fast food pizza chain Domino's
97%
Number one pet of 2023 Dog
96%
There are 7 of these in Snow White Dwarfs
94%
Enclosed area where ships go for unloading and/or repairs Dock
89%
Capital of Colarado Denver
80%
Sea animal Dolphin
78%
Language learning app with a green owl as it's mascot Duolingo
77%
45th president of the US Donald Trump
73%
Country on the Horn of Africa Djibouti
66%
A spiky fruit known for it's horrible smell Durian
63%
An infection, usually a bacteria or virus Disease
58%
Middle child in the Incredibles movie Dash
50%
A nickname for the southern states of the US Dixie
30%
No matching quizzes found
Score Distribution
Percent of People with Each Score
Percentile by Number Answered
Your Score History
You have not taken this quiz since the last reset